| 000 | 00530nam a2200205 a 4500 | ||
|---|---|---|---|
| 001 | 0001-1533 | ||
| 003 | ELIB.Books | ||
| 008 | 170523 2010 eng | ||
| 020 | _a0830723900 | ||
| 092 |
_a253 Lon _bH. |
||
| 100 | _aLondon, H.B. | ||
| 245 |
_aThey Call Me as Pastor _bHow to Love the Ones you Lead |
||
| 260 |
_aVentura _bRegal Press _c1984 |
||
| 300 |
_a279 _c21.2cm |
||
| 650 | _aClergy- Office | ||
| 942 |
_2ddc _cBK |
||
| 990 | _a1 | ||
| 998 |
_aEnglishbooks.elf _ccat _e2017-05-23 |
||
| 999 |
_c11533 _d11533 |
||